000 01064nam a22003377a 4500
003 CHAP
005 20250207172237.0
008 971013s1991 r 00010 d
010 _a7401
011 _a8373
035 _a7599
040 _cCHAP
082 _a080
_bR4 v.14
100 0 0 _aDurand, Jorge.
_934544
245 _aMigración México- Estados Unidos años veinte
260 _aMéxico, D.F. :
_bConsejo Nacional para la Cultura y las Artes,
_c1991
300 _a221 p.
490 _aRegiones
500 _a63-118
590 _aBATCH-UPD
_b10
_c20130110
_lUCH01
_h1531
590 _aBATCH-UPD
_b10
_c20130410
_lUCH01
_h0938
590 _aBATCH-UPD
_b10
_c20130914
_lUCH01
_h1225
590 _aCONVERSION
_b10
_c20130109
_lUCH01
_h1305
650 1 4 _aEmigración e inmigración.
_936517
650 1 4 _aTrabajadores migratorios.
_9114475
650 1 4 _aTrabajo y trabajadores
_zMéxico.
_9114553
830 0 _aRegiones (CONACULTA)
_995667
901 _aBK
942 _cLIBRO
949 _a080 R4 v.14
_bBC
_cLIBRO
_d33724000306544
_eLIBRO
_h82827
_i7599
_si
_t18.00
999 _c7401
_d7401